Científicos Escritores y Artistas : (Record no. 2317)

000 -CABECERA
fixed length control field 00968nam a22002417a 4500
003 - IDENTIFICADOR DEL NÚMERO DE CONTROL
control field AR-CdUCM
008 - DATOS DE LONGITUD FIJA--INFORMACIÓN GENERAL
fixed length control field 190304b ||||| |||| 00| 0 spa d
040 ## - FUENTE DE LA CATALOGACIÓN
Agencia/entidad que catalogó originalmente la obra MUNICIPALIDAD PROVINCIAL DEL CUSCO
Entidad que transcribió la catalogación BIBLIOTECA MUNICIPAL DEL CUSCO
082 ## - NÚMERO DE LA CLASIFICACIÓN DECIMAL DEWEY
No. de Clasificación 928 /
Notacion interna Z74
100 ## - ENTRADA PRINCIPAL--NOMBRE DE PERSONA
Nombre Personal Zévaés, Alexandre
245 ## - MENCIÓN DE TÍTULO
Título Científicos Escritores y Artistas :
Resto del título Emilio Zola /
260 ## - PUBLICACIÓN, DISTRIBUCIÓN, ETC.
Lugar de publicación, distribución, etc. México D. F. :
Nombre de la editorial, distribuidor, etc. Grijalbo,
Fecha de publicación, distribución, etc. 1958.
300 ## - DESCRIPCIÓN FÍSICA
Nº de Páginas Extensión 298 páginas ;
Otros detalles físicos ilustraciones,
Dimensiones 22 cm.
440 ## - MENCIÓN DE SERIE/PUNTO DE ACCESO ADICIONAL--TÍTULO
Título Biografías Gandesa.
9 (RLIN) 4521
505 ## - NOTA DE CONTENIDO CON FORMATO
Nota de contenido formateada Contenido: La infancia -- Zola en busca de sí mismo -- Los Rougon-Macquart -- La batalla de Hernani del naturalismo: "La Taberna" -- De "La Taberna" a "comida corriente" -- "Las veladas de Médan" -- "Germinal" -- "La tierra" ...
650 ## - PUNTO DE ACCESO ADICIONAL DE MATERIA--TÉRMINO DE MATERIA
Descriptor Francia
9 (RLIN) 1444
650 ## - PUNTO DE ACCESO ADICIONAL DE MATERIA--TÉRMINO DE MATERIA
Descriptor Biografía
9 (RLIN) 44066
650 ## - PUNTO DE ACCESO ADICIONAL DE MATERIA--TÉRMINO DE MATERIA
Descriptor Naturalismo
9 (RLIN) 522
700 ## - PUNTO DE ACCESO ADICIONAL--NOMBRE DE PERSONA
Nombre Personal Délano, Luis Enrique (traducción)
9 (RLIN) 8361
942 ## - ELEMENTOS DE PUNTO DE ACCESO ADICIONAL (KOHA)
Fuente de clasificación
Tipo de item Libros-BMC
945 ## - PROCESAMIENTO DE INFORMACIÓN LOCAL (OCLC)
Catalogador achl
Holdings
Estado de retiro (separado) Fuente de clasificación o esquema de estanterías Estado dañado Ubicación Sala donde se ubica Nombre de la colección Fecha de adquisición o compra Costo, precio normal en soles Signatura topográfica Código de Barras Última vez visto (Koha) Tipo de ítem (Koha)
No     Sala Humanidades Sala Humanidades Book Cart 2019-03-04 50.00 925 / C61A SH0000002245 2019-03-04 Libros-BMC

Powered by Koha